V Jornadas argentinas de catálisis Huerta Grande, Córdoba 15 al 18 de septiembre de 1987 : resúmenes de trabajos a ser presentados /

Guardado en:
Autores Corporativos: Jornadas Argentinas sobre Catálisis Huerta Grande, Córdoba), Consejo Nacional de Investigaciones Científicas y Técnicas (CONICET). Comité Nacional de Catálisis (CONACA)., Centro de Investigación Tecnológica (CIT). Grupo Combustibles.
Formato: Libro
Idioma:Spanish
Publicado: Huerta Grande, Argentina : CONACA, 1987.
Materias:
Etiquetas: Agregar Etiqueta
Sin Etiquetas, Sea el primero en etiquetar este registro!
LEADER 01042nam a22001935a 4500
001 EIQ.libpla000777
008 060523s1987####ag#a#####b####100#0#spa#d
005 20060523131516.0
245 1 0 |a V Jornadas argentinas de catálisis Huerta Grande, Córdoba 15 al 18 de septiembre de 1987 :  |b resúmenes de trabajos a ser presentados /  |c Comité Nacional de Catálisis (CONACA), Centro de Investigación Tecnológica (CIT). Grupo combustibles. 
260 |a Huerta Grande, Argentina :  |b CONACA,  |c 1987. 
300 |a 154 p. :  |b il. ;  |c 25 cm. 
504 |a Incluye referencias bibliográficas. 
111 2 |a Jornadas Argentinas sobre Catálisis  |n (5º :  |d 1987 :  |c Huerta Grande, Córdoba) 
710 2 |a Consejo Nacional de Investigaciones Científicas y Técnicas (CONICET).  |b Comité Nacional de Catálisis (CONACA). 
710 2 |a Centro de Investigación Tecnológica (CIT).  |b Grupo Combustibles. 
650 4 |a Catálisis  |x Congresos. 
650 4 |a Catalysis  |x Congresses. 
040 |a AR-BbSID  |b spa  |c AR-BbSID 
859 |a AR-BbSID  |b BIB. PLAPIQUI  |h 541.395  |i J 769  |p 3472  |v V  |3 V